Kaplan McLaughlin Díaz : Placemaking : Innovation and Individuality /

La firma Kaplan Mclaughlin Díaz, mejor conocida como KMD, fue fundada en San Francisco, California, en 1963. Enfocada al desarrollo integral de proyectos arquitectónicos y a la excelencia en la planeacion y diseño, es hoy una de las principales firmas de arquitectura a nivel mundial. En este libro s...

وصف كامل

محفوظ في:
التفاصيل البيبلوغرافية
المؤلف الرئيسي: Rapaport, Richard (autor)
التنسيق: كتاب
اللغة:الإنجليزية
منشور في: Massachusetts, EUA : Rockport, 1998, c1998
الموضوعات:
الوسوم: إضافة وسم
لا توجد وسوم, كن أول من يضع وسما على هذه التسجيلة!

MARC

LEADER 00000nam^a2200000^a^4500
001 000186792
005 20250521000000.0
009 20260310102237.017
020 |a 1-56496-236-9 
037 |a Acervo ITESO - Biblioteca 
041 |a ING 
082 |a 720. 9739461  |b RAP 
100 |a Rapaport, Richard  |e (autor) 
245 1 0 |a Kaplan McLaughlin Díaz :  |b Placemaking : Innovation and Individuality /  |c R. Rapaport. 
264 4 |a Massachusetts, EUA :  |b Rockport,  |c 1998, c1998 
300 |a 208 p. 
336 |a texto  |b txt  |2 rdacontenido 
337 |a sin mediación  |b n  |2 rdamedio 
338 |a volumen  |b nc  |2 rdasoporte 
520 |a La firma Kaplan Mclaughlin Díaz, mejor conocida como KMD, fue fundada en San Francisco, California, en 1963. Enfocada al desarrollo integral de proyectos arquitectónicos y a la excelencia en la planeacion y diseño, es hoy una de las principales firmas de arquitectura a nivel mundial. En este libro se da cuenta de sus casi cuatro décadas de trabajo y se publican cuarenta y uno de los ciento sesenta y ocho edificios que abarcan su extensa obra. 
649 |a XX 
650 |a Oficinas Empresariales 
650 |a Centros Comerciales 
650 |a Bancos y Centros Financieros 
650 |a Escuelas 
650 |a Hospitales 
650 |a Hoteles 
650 |a Edificios Públicos 
650 |a Arquitectura Moderna -  |x Historia y Crítica 
650 |a Arquitectura Norteamericana -  |y Siglo XX 
650 |a Arquitectura Norteamericana -  |x Historia y Crítica 
650 |a Arte Norteamericano -  |y Siglo XX 
650 |a Arte Norteamericano -  |x Historia y Crítica 
910 |a Fondo Julio de la Peña Lomelín 
920 |a Impresos - Libros 
930 |a Arquitectos Jaliscienses 
905 |a 115 
901 |a 0500128502  |b IT1  |c JAL  |u 20250521 
902 |a https://opac.biblio.iteso.mx/vufind/Record/000186792